| 000 | 01055nam a22003377a 4500 | ||
|---|---|---|---|
| 001 | BR0204999 | ||
| 003 | BR-BrBNA | ||
| 005 | 20230928101154.0 | ||
| 007 | ta | ||
| 008 | 230509b bl.||||| |||| 00| 0 por d | ||
| 040 |
_aBR-BrBNA _bpor _cBiblioteca Nacional de Agricultura |
||
| 041 | _a(Por) | ||
| 072 |
_aE14; L73; L70 _b4150 _b3888 |
||
| 090 | _ 4150 BR0204999 | ||
| 110 | 1 | _aMinistério da Agricultura e do Abastecimento, Brasília, DF (Brasil). Secretaria de Defesa Agropecuária | |
| 245 | 1 | _aAmpliação da zona livre de febre aftosa, com vacinação; circuitos pecuários Centro-Oeste e Leste; v. 1 | |
| 260 | 3 |
_aBrasília, DF (Brasil): _c2000. |
|
| 300 | _av.1-2 | ||
| 500 | _a36 tables; 24 illus. | ||
| 650 | _aAFTOSA | ||
| 650 | _aDOENÇA ANIMAL | ||
| 650 | _aVACINAÇÃO | ||
| 650 | _aERRADICAÇÃO | ||
| 650 | _aINSPEÇÃO SANITÁRIA | ||
| 650 | _aPOLÍTICA GOVERNAMENTAL | ||
| 650 | _aPROGRAMA DE DESENVOLVIMENTO | ||
| 650 | _aCENTRO-OESTE | ||
| 650 | _aLESTE | ||
| 909 |
_a202309 _bLucia _c55 _dLucia Elande |
||
| 942 | _cBK | ||
| 999 |
_c64572 _d64572 |
||